ZTM Gdańsk - N1 - Statystyki

Ogólne statystyki
  • Ten quiz został rozwiązany 10 razy
    5 od ostatniego zresetowania
  • Średni wynik to 49 z 69
Statystyki odpowiedzi
Miejscowość Ulica Przystanek % Poprawnych
Gdańsk Bora-Komorowskiego Beniowskiego
100%
Gdańsk Zwycięstwa Brama Oliwska
100%
Gdańsk Trakt św. Wojciecha Brama Oruńska
100%
Gdańsk Wały Jagiellońskie Brama Wyżynna
100%
Gdańsk Podwale Grodzkie Dworzec Główny
100%
Gdańsk Guderskiego Elfów
100%
Gdańsk Hallera Grudziądzka
100%
Gdańsk Jaworzniaków Jaworzniaków
100%
Gdańsk Chłopska Kołobrzeska
100%
Gdańsk Hallera Kościuszki
100%
Gdańsk Platynowa Krzemowa
100%
Gdańsk Legionów Legionów
100%
Gdańsk Małomiejska Małomiejska
100%
Gdańsk Hallera Mickiewicza
100%
Gdańsk Świętokrzyska Niepołomicka
100%
Gdańsk Hallera Opera Bałtycka
100%
Gdańsk Świętokrzyska Orląt Lwowskich
100%
Gdańsk Krzemowa Orunia Górna
100%
Gdańsk Świętokrzyska Osiedle Świętokrzyskie
100%
Gdańsk Platynowa Platynowa
100%
Gdańsk Małomiejska Platynowa
100%
Gdańsk Małomiejska Ptasia
100%
Sopot Niepodległości Reja
100%
Gdańsk Trakt św. Wojciecha Sandomierska
100%
Gdańsk Trakt św. Wojciecha Stare Szkoty
100%
Gdańsk Rzeczypospolitej Startowa
100%
Gdańsk Świętokrzyska Świętokrzyska
100%
Gdańsk Okopowa Toruńska
100%
Gdańsk Zwycięstwa Uniwersytet Medyczny
100%
Gdańsk Uranowa Uranowa
100%
Gdańsk Świętokrzyska Wieżycka
100%
Gdańsk Hallera Wyspiańskiego
100%
Gdańsk Trakt św. Wojciecha Zaroślak
100%
Gdańsk Rzeczypospolitej Żwirki i Wigury
100%
Sopot Niepodległości 3 Maja
50%
Gdańsk Czyżewskiego Bobrowa
50%
Sopot Niepodległości Bohaterów Monte Cassino
50%
Gdańsk Bora-Komorowskiego Bora-Komorowskiego
50%
Sopot Kolberga Brodwino
50%
Sopot Malczewskiego Brodwino Szkoła
50%
Gdańsk Kościuszki Chrobrego
50%
Gdańsk Czyżewskiego Cmentarz Oliwski
50%
Sopot Niepodległości Goyki
50%
Gdańsk Wodnika Jednorożca
50%
Gdynia Nowowiczlińska Karwiny Nowowiczlińska
50%
Gdynia Wielkopolska Karwiny PKM
50%
Sopot Niepodległości Kasztanowa
50%
Sopot Kolberga Kolberga
50%
Sopot Niepodległości Malczewskiego
50%
Sopot Kolberga Małopolska
50%
Gdańsk Wodnika Marsa
50%
Gdynia Chwaszczyńska Myśliwska
50%
Gdynia Wielkopolska Nałkowskiej
50%
Gdańsk Obrońców Westerplatte Obrońców Westerplatte
50%
Gdańsk Obrońców Westerplatte Oliwa
50%
Gdańsk Droszyńskiego Oliwa PKP
50%
Gdańsk Barniewicka Osowa PKP
50%
Sopot Niepodległości PKP - Niepodległości
50%
Gdynia Sopocka Podleśna
50%
Gdańsk Czyżewskiego Sarnia
50%
Sopot Niepodległości Smolna
50%
Gdańsk Kielnieńska Sopocka
50%
Gdańsk Stary Rynek Oliwski Stary Rynek Oliwski
50%
Gdynia Chwaszczyńska Źródło Marii
50%
Sopot Obodrzyców Junaków
0%
Gdańsk Barniewicka Konkordii
0%
Gdańsk Junony Koziorożca
0%
Sopot Wejherowska Kraszewskiego
0%
Gdańsk Junony Zeusa
0%
Nie znaleziono quizów pasujących do podanych kryteriów
Rozkład punktacji
Procent ludzi z każdym wynikiem
Percentyl według liczby udzielonych odpowiedzi
Twoja historia wyników
Nie rozwiązałeś tego quizu od ostatniego zresetowania